| 000 | 00758nam a22001815i 4500 | ||
|---|---|---|---|
| 001 | 162473 | ||
| 003 | ES-MaACL | ||
| 005 | 20250916063056.0 | ||
| 008 | 981014s1893 sp |||| | spa d | ||
| 100 | 1 |
_aPosada, Adolfo, _d1860-1944 _993316 |
|
| 245 | 1 | 3 |
_aLa amistad y el sexo : _bcartas sobre la educación de la mujer / _cpor Adolfo Posada y Urbano González Serrano. |
| 260 |
_aMadrid : _b[s.n.], _c1893 ( _fImp. de Enrique Rubiños) |
||
| 300 |
_a32 p. ; _c21 cm. |
||
| 650 | 7 |
_aRelaciones amorosas _2embne _9169274 |
|
| 700 | 1 |
_aGonzález Serrano, U., _d1848-1904 _958968 |
|
| 852 |
_aES-MaACL _jT-705-F-6 _z- Enc. hol., conservando cub. original _z- Dedicatoria autógrafa del autor _z- Enc. en un vol. facticio |
||
| 999 |
_c162473 _d162473 |
||